Mario Click Quiz - Statistics

General Stats
  • This quiz has been taken 18 times
  • The average score is 10 of 21
Answer Stats
Hint Answer % Correct
His Brother Luigi
100%
Princess Peach
100%
Main Character Mario
90%
Her sister Rosalina
80%
His Dad Bowser
60%
Who Lived in Brooklin
60%
And she ... Ruled The Toads
60%
To Defeat Bowser
50%
His title was King of the Koopas
50%
Who Was Captured By Bowser Jr.
40%
His son Donky Kong
40%
who Eventually Became Dry Bowser
40%
Who Wanted to Marry Peach
40%
Where? Rainbow Road
40%
And Bowser Ambushed there ambush
30%
To Ambush Bowsers Army
30%
And Peach Was Captured
30%
And Getting The Superstar
30%
Which Mario fought to Win The Kong Army
30%
Mario Saved Her After Destroying The Bomberbill
20%
And then went to Kranky Kong
0%
No matching quizzes found
Score Distribution
Percent of People with Each Score
Percentile by Number Answered
Your Score History
You have not taken this quiz